000 00646nam a2200241Ia 4500
003 OSt
005 20220928111221.0
006 a|||||r|||| 00| 0
007 ta
008 220927b |||||||| |||| 00| 0 eng d
024 _a60203
037 _cTextual
040 _aSDCL
_cSDCL
_beng
041 _2eng
_aeng
082 _aR672,6x2,1, F3
100 _aRamanujacharya Co.
_9422774
245 0 _aSrimadbhagvadgita.
260 _aPuna
_bAnandashram
_c1923
300 _a694p.
_ccm.
490 _aAnandashramsanskritgranthavali.92
942 _hR672,6x2,1, F3
_cTEXL
_2CC
999 _c739186
_d739186